• 首页
  • 本馆介绍
  • 公告通知
  • 最新文献
  • 馆藏检索
  • 电子资源
  • 读者导购
  • 参考咨询
  • 我的图书馆
  • 登录
  • 详细信息显示
  • 放入我的书架
  • 预约/预借图书
  • 作者相关作品
  • 分类相关作品
  • 丛书相关作品
  • 出版社相关作品

书目信息

  • 表格格式
  • 工作单格式
  • 卡片格式
题名:
消防教育
    
 
作者: 郑端文 主编
分册:  
出版信息: 石家庄   河北教育出版社  1999
页数: 180页
开本: 20cm
丛书名:
单 册:
中图分类: G623.1
科图分类:
主题词: 消防--安全教育--中学--教学参考资料
电子资源:
ISBN: 7-5434-3537-3
000 00563nam0 2200193 450
001 0766670556
005 20070721093305.57
010    @a7-5434-3537-3@dCNY5.00
100    @a20070710d1999 km y0chiy0120 ea
101 0  @achi
102    @aCN@b130000
200 1  @a消防教育@Axiao fang jiao yu@f郑端文主编@Fzheng duan wen zhu bian
210    @a石家庄@c河北教育出版社@d1999
215    @a180页@d20cm
606 0  @a消防@x安全教育@x中学@x教学参考资料
690    @aG623.1@v3
701  0 @a郑端文@Azheng duan wen@4主编
801  0 @aCN@bPFT@c20070721
905    @a10447@dG623.1@e330
    
    消防教育/郑端文主编.-石家庄:河北教育出版社,1999
    180页;20cm
    
    
    ISBN 7-5434-3537-3:CNY5.00
    
●
相关链接 在E读中查询图书 在五车中查询图书 在当当中查询图书 在豆瓣中查询图书


正题名:消防教育     索取号:G623.1/330         预约/预借

序号 登录号 条形码 馆藏地/架位号 状态 备注
1 0768272   207682729   第一样本阅览室/ [索取号:G623.1/330] 在馆    
唐山师范学院图书馆 欢迎您!
大连网信软件有限公司© 版权所有